Statistics for Biggest Cities in Cuba

Click here to take the quiz!

General Stats

  • This quiz has been taken 13 times
  • The average score is 4 of 10

Answer Stats

PopulationCity% Correct
2,163,824Havana
100%
555,865Santiago de Cuba
67%
272,801Guantánamo
50%
319,102Holguín
33%
203,684Las Tunas
33%
250,512Santa Clara
33%
192,632Bayamo
17%
347,562Camagüey
17%
186,990Pinar del Río
17%
210,053Arroyo Naranjo
0%

Score Distribution

Percentile by Number Answered

Percent of People with Each Score

Your Score History

You have not taken this quiz